| 000 | 00688nam a22002057a 4500 | ||
|---|---|---|---|
| 999 |
_c7721 _d7721 |
||
| 003 | AR-CdUCM | ||
| 008 | 190321b ||||| |||| 00| 0 spa d | ||
| 040 |
_aMUNICIPALIDAD PROVINCIAL DEL CUSCO _cBIBLIOTECA MUNICIPAL DEL CUSCO |
||
| 082 |
_23 ed. _a416 / _bP16 |
||
| 100 |
_aPagnini, Marcello _921809 |
||
| 245 | _aEstructura literaria y metodo critico / | ||
| 260 |
_aMadrid : _bCátedra, _c1982. |
||
| 300 |
_a268 páginas ; _c21 cm. |
||
| 505 | _aContenido : Primera parte : La estructura literaria -- Segunda parte : El método critico -- Apéndice ... | ||
| 650 |
_aLiteratura _983 |
||
| 650 |
_aEstructura _941 |
||
| 650 |
_aMétodo _91191 |
||
| 942 |
_2ddc _cLIBROS |
||
| 945 | _arah | ||